Loading...
History - American History | 0 | 7 | 1 | 1 | 65 | 43 | 57.00 | 2 | 3 |
History - World History | 0 | 6 | 0 | 0 | 60 | 23 | 47.33 | 2 | 3 |
Fine Arts - Classical Music | 0 | 5 | 0 | 0 | 50 | 106 | 107.60 | 0 | 0 |
Science - Physics | 0 | 3 | 0 | 2 | 30 | 77 | 87.33 | 0 | 0 |
History - European History | 0 | 3 | 0 | 0 | 30 | 26 | 46.67 | 0 | 2 |
Science - Biology | 0 | 3 | 1 | 0 | 25 | 26 | 66.67 | 0 | 0 |
Current Events | 0 | 2 | 0 | 0 | 20 | 75 | 75.00 | 0 | 2 |
History - Other History | 0 | 2 | 0 | 0 | 20 | 69 | 69.00 | 0 | 0 |
Science - Other Science | 0 | 2 | 0 | 0 | 20 | 78 | 78.00 | 0 | 0 |
Fine Arts - Other Fine Arts | 0 | 2 | 1 | 1 | 15 | 98 | 102.00 | 0 | 0 |
Philosophy | 0 | 1 | 0 | 0 | 10 | 88 | 88.00 | 0 | 0 |
Religion | 0 | 1 | 0 | 1 | 10 | 114 | 114.00 | 0 | 0 |
Literature - British Literature | 0 | 1 | 0 | 0 | 10 | 89 | 89.00 | 0 | 0 |
Mythology | 0 | 1 | 0 | 1 | 10 | 71 | 71.00 | 0 | 0 |
Pop Culture | 0 | 1 | 1 | 0 | 5 | 75 | 75.00 | 0 | 0 |
Painting/Sculpture | 0 | 0 | 0 | 0 | 0 | 0.00 | 0 | 0 |